00497nam a2200121 4500082001400000084002500014100001700039245010200056260008400158942001200242999001900254952010200273 a660.6 ROY 2Colon Classification aRoy, Jagan J aDevelopment of cross-linked enzyme crystals as Robust Biocatalysts in organic Media/cJ Jagan Roy aRegional Research Laboratory, CSIR, Pappanamcode;bUniversity of Kerala:c2004. 2ddccTH c750064d750064 00102ddc4070aBTYbBTYd2025-06-30l0o660.6 ROYpBTYT015r2025-06-30 14:24:09w2025-06-30yTH